| 000 | 01553nam a22002537a 4500 | ||
|---|---|---|---|
| 999 |
_c62929 _d62929 |
||
| 003 | Ge_BSU | ||
| 005 | 20250325151557.0 | ||
| 008 | 250324s2023 ge ||||| |||| 00| 0 geo d | ||
| 020 | _a9789941357572 | ||
| 041 | _ageo | ||
| 080 | _a615.324 თ-36 | ||
| 245 |
_aთაფლი : _b[2 ტომად]. ტომი 2, ტკბილი წამალი / _cპროექტის ავტორი და მთ. რედაქტორი თამარ მამაცაშვილი ; სარედაქციო ჯგუფი: ნინო ჩარგეიშვილი, ბელა ჩხარტიშვილი, სოფიო ჯაფარიძე [და სხვა]. |
||
| 264 |
_aთბილისი : _bპალიტრა L, _c2023. |
||
| 300 |
_a328 გვ. ; _b23 სმ. |
||
| 504 | _aბიბლიოგრაფია: გვ. 327. | ||
| 653 | _aთაფლით მკურნალობა | ||
| 653 | _aხალხური მედიცინა | ||
| 653 | _aტკბილი წამალი | ||
| 700 |
_aმამაცაშვილი, თამარ _eავტორი და მთ. რედაქტორი _924662 |
||
| 700 |
_aჩარგეიშვილი, ნინო _eრედაქტორი _93105 |
||
| 700 |
_aჩხარტიშვილი, ბელა _eრედაქტორი _924659 |
||
| 700 |
_aჯაფარიძე, სოფიო და სხვ. _eრედაქტორი _924660 |
||
| 942 |
_2udc _cᲬᲘᲒᲜᲘ |
||